01422cam a22003497a 4500003000500000005001700005008004100022010001000063011001000073035001100083040000900094090001000103100004500113245018500158260003700343300003000380502012400410590003700534590004100571590004100612590004100653590004200694650003400736650002700770650003600797901000700833905002600840942001000866949005100876999001700927952012800944CHAP20220329143047.0051122d2005 mx a r 00110 spa d a91367 a92339 a102903 cCHAP aTesis00aHernández Vargas, Marta Magali.95471110aEvaluación de características reproductivas, mediante apareamientos a diferente horario, en tres razas de conejo (Oryctolagus cuniculus L.)c/por Marta Magal Hernández Vargas aCocula, Gro. :bEl autor,c2005. a42 h. :bilus. ; gráfs. aTesis (Ing. Agr. Zootecnista) -- Colegio Superior Agropecuario del Estado de Guerrero. Centro de Estudios Profesionales aALEPHb10c20130110lUCH01h1507 aBATCH-UPDb10c20130110lUCH01h0726 aBATCH-UPDb10c20130410lUCH01h0410 aBATCH-UPDb10c20130914lUCH01h1028 aCONVERSIONb10c20130109lUCH01h135114aAnimalesxApareamiento.9585514aConejosxRazas.92637714aConejosxReproducción.926378 aBK aAlejandra Carrasco M. cTESIS aTesisbBCcTESd1029031eTS1h44110i102903sb c91367d91367 00102local4051708TESISaBCbBCcPA_TESISd2019-12-31fTESISl0oTesisp1029031r2019-12-31 00:00:00w2019-12-31yTESIS